Milk quotas: a producer`s view (Record no. 7012)

MARC details
000 -LEADER
fixed length control field 00674cab a2200193 4500
001 - CONTROL NUMBER
control field ABS38500
008 - FIXED-LENGTH DATA ELEMENTS--GENERAL INFORMATION
fixed length control field 090401t1987 xxu||||| |||| 00| 0 eng d
035 ## - SYSTEM CONTROL NUMBER
System control number (Sirsi) u11000
041 ## - LANGUAGE CODE
Language code of text/sound track or separate title eng
100 ## - MAIN ENTRY--PERSONAL NAME
Personal name Boden, D.
245 ## - TITLE STATEMENT
Title Milk quotas: a producer`s view
260 ## - PUBLICATION, DISTRIBUTION, ETC.
Date of publication, distribution, etc. 1987
350 ## - PRICE (NR) (BK AM CF MU VM SE) [OBSOLETE]
Price 0
490 ## - SERIES STATEMENT
Series statement AMC Review
Volume/sequential designation (4) Winter 1987, 10-11(2)
520 ## - SUMMARY, ETC.
Summary, etc. Looks at milk quotas from a producers point of view looking at how to maximise productivity and efficiency within the quota suggesting some areas which could improve the situation including pressure from within the Milk Marketing Board .
690 ## - LOCAL SUBJECT ADDED ENTRY--TOPICAL TERM (OCLC, RLIN)
Topical term or geographic name as entry element RURAL PRACTICE
942 ## - ADDED ENTRY ELEMENTS (KOHA)
Suppress in OPAC 0
948 ## - LOCAL PROCESSING INFORMATION (OCLC); SERIES PART DESIGNATOR (RLIN)
c (OCLC) 04/03/1997
Holdings
Withdrawn status Lost status Source of classification or shelving scheme Damaged status Not for loan Home library Current library Shelving location Date acquired Total Checkouts Full call number Barcode Date last seen Copy number Price effective from Koha item type
    Dewey Decimal Classification     London London Journal article 14/09/1999   ABS38500 11000-1001 06/08/2019 1 06/08/2019 Journal article